UM Logo

Constitutional law for criminal justice professionals / (Record no. 7939)

MARC details
000 -LEADER
fixed length control field 00752nam a2200193 4500
008 - FIXED-LENGTH DATA ELEMENTS--GENERAL INFORMATION
fixed length control field 171207b xxu||||| |||| 00| 0 eng d
020 ## - INTERNATIONAL STANDARD BOOK NUMBER
International Standard Book Number 0314204148
082 ## - DEWEY DECIMAL CLASSIFICATION NUMBER
Edition number 1998
Classification number DC 345.7305
Item number H24c
100 ## - MAIN ENTRY--PERSONAL NAME
9 (RLIN) 24374
Personal name Harr, J. Scott, author.
245 ## - TITLE STATEMENT
Title Constitutional law for criminal justice professionals /
Statement of responsibility, etc. J. Scott Harr, Kären M. Hess
260 ## - PUBLICATION, DISTRIBUTION, ETC. (IMPRINT)
Place of publication, distribution, etc. Belmont, CA :
Name of publisher, distributor, etc. West/Wadsworth,
Date of publication, distribution, etc. ©1998
300 ## - PHYSICAL DESCRIPTION
Extent xxiv, 405 pages :
Other physical details illustrations ;
Dimensions 26 cm.
500 ## - GENERAL NOTE
General note Includes bibliographical references and indexes.
650 #0 - SUBJECT ADDED ENTRY--TOPICAL TERM
9 (RLIN) 24375
Topical term or geographic name as entry element Criminal procedure
General subdivision United States
650 #0 - SUBJECT ADDED ENTRY--TOPICAL TERM
9 (RLIN) 24376
Topical term or geographic name as entry element Criminal investigation
General subdivision United States
650 #0 - SUBJECT ADDED ENTRY--TOPICAL TERM
9 (RLIN) 24377
Topical term or geographic name as entry element Civil rights
General subdivision United States
700 ## - ADDED ENTRY--PERSONAL NAME
9 (RLIN) 24378
Personal name Hess, Kären M., author.
942 ## - ADDED ENTRY ELEMENTS (KOHA)
Source of classification or shelving scheme Dewey Decimal Classification
Koha item type Circulation
Holdings
Withdrawn status Lost status Source of classification or shelving scheme Damaged status Not for loan Collection code Home library Current library Date acquired Source of acquisition Total Checkouts Full call number Barcode Date last seen Price effective from Koha item type
    Dewey Decimal Classification     Circulation UM Digos College - LIC UM Digos College - LIC   Photocopied   DC 345.7305 H24c 1998 19655 06/08/2021 12/07/2017 Circulation